Chanakya mantra / (Record no. 181708)
[ view plain ]
| 000 -LEADER | |
|---|---|
| fixed length control field | 00470nam a22001577a 4500 |
| 005 - DATE AND TIME OF LATEST TRANSACTION | |
| control field | 20211004161959.0 |
| 010 ## - LCCN (DPL NO) | |
| LC control number | EN230921 |
| 020 ## - INTERNATIONAL STANDARD BOOK NUMBER | |
| International Standard Book Number | 9788194864950 |
| Terms of availability | 199.00 |
| 037 ## - SOURCE OF ACQUISITION | |
| Source of stock number/acquisition | Empty Canvas Publishers |
| 100 ## - MAIN ENTRY--PERSONAL NAME | |
| Personal name | Gupt, Vishnu |
| 245 ## - TITLE STATEMENT | |
| Title | Chanakya mantra / |
| Statement of responsibility, etc | by Vishnu Gupt |
| 260 ## - PUBLICATION, DISTRIBUTION, ETC. (IMPRINT) | |
| Place of publication, distribution, etc | New Delhi |
| Name of publisher, distributor, etc | Empty Canvas Publishers |
| Date of publication, distribution, etc | 2021 |
| 270 ## - ADDRESS | |
| Address | 4435-36/7, First FLoor, Ansari Road, Daryaganj |
| City | New Delhi |
| Postal code | 110002 |
| 300 ## - PHYSICAL DESCRIPTION | |
| Extent | 206p. |
| Dimensions | 22cm(pbk) |
| 942 ## - ADDED ENTRY ELEMENTS (KOHA) | |
| Source of classification or shelving scheme | Dewey Decimal Classification |
| Item type | English Books |
| Call number suffix | GUP |
No items available.
